LEADER 01618nam a2200361 a 4500 001 000000125259 003 CaOOAMICUS 005 20110511110754.0 008 110511s2010 it 000 0 ita r 020 $a978-88-498-2724-8 040 $aPUL$bita 082 04$a271 245 00$aAspetti e problemi della storia dell'Ordine di San Camillo /$ca cura di Andrea Ciampani e Carlo M. Fiorentino. 260 $aSoveria Mannelli :$bRubbettino,$c©2010. 300 $a206 p. ;$c24 cm 490 1 $aCollana di Storia dell'Ordine di San Camillo 500 $aInclude indice. 504 $aBibliografia in nota. 600 04$aCamillus de Lellis,$cs.,$d1550-1614.$0(OLS)http://pul/subject/4145 650 4$aOrdini religiosi$zItalia$xStoria.$0(OLS)http://pul/subject/26704 700 1 $aCiampani, Andrea.$0(OLS)http://pul/name/60650 700 1 $aFiorentino, Carlo M.$0(OLS)http://pul/name/79269 830 0$aCollana di Storia dell'Ordine di San Camillo.$0(OLS)http://pul/title/157926 850 $aPUL 852 $aPUL$W1$xDP2 Religione 3$y114$m271 CIAAN 1$j144235$qDDC 21$B143264$CPULBib$Z2$F143264 $H116506 $82 941 1 $a9 960 $aCamillo de Lellis,$cs.,$d1550-1614? $94145 960 $aDe Lellis, Camillo,$cM.I.,$d1550-1614? $94145 996 $6020$a978-88-498-2724-8$9(OLS)http://pul/number/147117 996 $6082$a271$9(OLS)http://pul/classification/284 996 $6245$aAspetti e problemi della storia dell'Ordine di San Camillo$9(OLS)http://pul/title/157925 996 $6260$aSoveria Mannelli :$bRubbettino$9(OLS)http://pul/publisher/51639 LEADER 01289nam a2200313 a 4500 001 000000141286 003 CaOOAMICUS 005 20150120112542.0 008 150120s2014 fr 000 0 fre r 020 $a978-2-204-10311-4 040 $aPUL$bita 082 04$a184 100 1 $aFattal, Michel,$d1954-$0(OLS)http://pul/name/64062 245 10$aDu logos de Plotin au logos de Saint Jean :$bvers la solution d'un problème métaphysique? /$cMichel Fattal. 260 $aParis :$bCerf,$c2014. 300 $a128 p. ;$c22 cm 500 $aSulla cop.: Cerf-a. 504 $aBibliografia in nota. 600 04$aPlotinus,$d203/6-270$xFilosofia.$0(OLS)http://pul/subject/10037 650 14$aLogos.$0(OLS)http://pul/subject/23247 850 $aPUL 852 $aPUL$W1$xSL Filosofia 3$y81$m184 FATMI 1$j163133$qDDC 21$B162957$CPULBib$Z2$F162957 $H125272 $82 941 1 $a9 961 $aDedica autografa dell'A. 996 $6020$a978-2-204-10311-4$9(OLS)http://pul/number/156763 996 $6082$a184$9(OLS)http://pul/classification/184 996 $6245$aDu logos de Plotin au logos de Saint Jean :$bvers la solution d'un problème métaphysique?$9(OLS)http://pul/title/178779 996 $6260$aParis :$bCerf$9(OLS)http://pul/publisher/48238